000 01065nam0a2200301 i 4500
001 RU\NLR\BIBL_A\010528251
005 20240921124442.0
010 _a9785949622629
021 _aRU
_b2014-65818
_94017
035 _a(NILC)RuMoRGB-007545541
035 _a(NLR Aleph) 010528251
090 _a10245566
_c10245566
100 _a20141112d2014 um y0rusy50 ca
101 0 _arus
102 _aRU
105 _aa|||z|||000gy
200 1 _aПесни открытых форточек
_eсборник стихов
_fРинат Валиуллин
210 _aСанкт-Петербург
_cАнтология
_d2014
215 _a189, [1] с.
_d19
686 2 _aШ6(2=Р)8-5
700 1 _4070
_7ca
_8rus
_aВалиуллин
_bР. Р.
_f1969-
_gРинат Рифович
_9159534
_3RU\NLR\AUTH\770159575
801 0 _aRU
_bРГБ
_c20140902
_gRCR
801 1 _aRU
_bРГБ
_c20140902
_2rusmarc
942 _cBOOK
980 _aNBR